Zedd Charting Songs (Billboard Hot 100) - Statistics

General Stats
  • This quiz has been taken 83 times
    82 since last reset
  • The average score is 10 of 13
Answer Stats
Album Weeks On Peak Artist(s) Song % Correct
Clarity 33 Weeks #8 Zedd ft. Foxes Clarity
94%
My Everything 22 Weeks #4 Ariana Grande ft. Zedd Break Free
90%
Non-Album Single 31 Weeks #7 Zedd & Alessia Cara Stay
88%
Non-Album Single 40 Weeks #5 Zedd, Maren Morris & Grey The Middle
88%
True Colors 16 Weeks #17 Zedd ft. Selena Gomez I Want You To Know
85%
Non-Album Single 1 Week #86 Zedd & Katy Perry 365
73%
Haiz (Deluxe Edition) 29 Weeks #12 Hailee Steinfeld & Grey ft. Zedd Starving
73%
Clarity (Deluxe Edition) 22 Weeks #18 Zedd ft. Hayley Williams Stay The Night
67%
True Colors 14 Weeks #64 Zedd ft. Jon Bellion Beautiful Now
65%
Shawn Mendes 16 Weeks #48 Shawn Mendes x Zedd Lost In Japan
63%
LP1 1 Week #91 Zedd & Liam Payne Get Low
62%
True Colors 1 Week #74 Zedd & Kesha True Colors
62%
Non-Album Single 1 Week #90 Zedd & Elley Duhe Happy Now
54%
No matching quizzes found
Score Distribution
Percent of People with Each Score
Percentile by Number Answered
Your Score History
You have not taken this quiz since the last reset